[Event "Asuncion Avanza Cup"]
[Site "Asuncion"]
[Date "2018.12.08"]
[Round "3"]
[White "Salinas, Victor"]
[Black "Ferreira, Jose Maria"]
[Result "1-0"]
[WhiteElo "1606"]
[BlackElo "1447"]
[PlyCount "111"]
[EventDate "2018.12.07"]
[EventType "swiss"]
[EventRounds "7"]
[EventCountry "PAR"]
[SourceTitle "CBM 187 Extra"]
[Source "ChessBase"]
[SourceDate "2018.11.04"]
[SourceVersion "1"]
[SourceVersionDate "2018.11.04"]
[SourceQuality "1"]

1. e4 e5 2. Nf3 d6 3. Bc4 Be6 4. Bb3 Be7 5. 0-0 Qd7 6. d4 Bxb3 7. axb3 Nc6 8. dxe5 Nxe5 9. Nxe5 dxe5 10. Qh5 Bd6 11. Be3 Nf6 12. Qf3 0-0 13. Nc3 a6 14. h3 c6 15. Rad1 Qe6 16. Qg3 Nh5 17. Qh4 Nf4 18. Rd2 Be7 19. Qg3 f5 20. Bxf4 exf4 21. Qxf4 g5 22. exf5 Rxf5 23. Qg4 Raf8 24. Re2 Qf7 25. f3 h5 26. Qe4 Bd6 27. Qe6 Bg3 28. Qxf7+ R8xf7 29. Ne4 h4 30. Nxg3 hxg3 31. Rd1 Ra5 32. b4 Ra2 33. c3 Kg7 34. Kf1 a5 35. bxa5 Rxa5 36. Re4 Ra2 37. Rd2 Ra1+ 38. Ke2 Rg1 39. Ke3 Kf6 40. f4 Rf1 41. Rd6+ Kg7 42. fxg5 Re1+ 43. Kd4 c5+ 44. Kd5 Rg1 45. Ree6 Rf5+ 46. Ke4 Rxg5 47. Kf4 Rxg2 48. Kxg5 Rxb2 49. Rd7+ Kf8 50. Re1 g2 51. Rc7 Rf2 52. Ra1 Kg8 53. Kg6 Rf8 54. Rg1 Kh8 55. Rh7+ Kg8 56. Rxg2 1-0

[Event "Asuncion Patriarca Memorial op"]
[Site "Asuncion"]
[Date "2015.01.18"]
[Round "6"]
[White "Gonzalez, Augusto"]
[Black "Ferreira, Jose Maria"]
[Result "1-0"]
[WhiteElo "1729"]
[BlackElo "1436"]
[PlyCount "59"]
[EventDate "2015.01.13"]
[EventType "swiss"]
[EventRounds "7"]
[EventCountry "PAR"]
[SourceTitle "CBM 164 Extra"]
[Source "ChessBase"]
[SourceDate "2015.03.02"]
[SourceVersion "1"]
[SourceVersionDate "2015.03.02"]
[SourceQuality "1"]

1. d4 d5 2. Nf3 Nf6 3. e3 e6 4. Bd3 c5 5. b3 Nbd7 6. 0-0 Bd6 7. Bb2 0-0 8. Ne5 g6 9. f4 Ne4 10. Bxe4 dxe4 11. Nd2 f5 12. Ndc4 Nxe5 13. Nxe5 Bxe5 14. dxe5 b6 15. Qe2 a5 16. Rfd1 Ba6 17. Qf2 Qc7 18. Rd6 Kf7 19. Qh4 h5 20. Rad1 Bb5 21. Qf6+ Kg8 22. Qxg6+ Qg7 23. Qxe6+ Kh8 24. Rxb6 Be2 25. Rd2 Bg4 26. Qh6+ Qxh6 27. Rxh6+ Kg7 28. Rhd6 Kf7 29. e6+ Ke7 30. Rd7+ 1-0